000 00422cam a2200181ua 4500
041 _aeng
_h
100 _aKothari, Mahesh .
245 _aLaboratory manualon Irrigation engineering
260 _aUdaipur :
_bDept. of SWC ,
_c2004.
300 _a ; .
504 _a
700 1 _aRaj Vir, Singh .
942 _cBK
999 _c12922
_d12922